000
00251nam a22001097a 4500
082
_a
621.3KON
100
_a
Konopinsk
245
_a
Electromagnetic fields and relativistic partics
260
_a
Tokiyo
_b
McGraw Hill
_c
1981
300
_a
626
942
_c
BK
999
_c
12572
_d
12572